|
|
|
|
| LEADER |
00000cam a2200000 a 4500 |
| 001 |
vtls001335339 |
| 003 |
SK-MaSNL |
| 005 |
20260301235804.0 |
| 008 |
220509s1998 xo odl frn 10000 eng |
| 015 |
|
|
|a SNBA1999/02-00724
|
| 020 |
|
|
|a 8022710709
|
| 035 |
|
|
|a SNK000288309
|
| 035 |
|
|
|a urn:nbn:sk:snk-am3izlj
|
| 035 |
|
|
|a F0229AB2-4E26-4709-BDFF-A5A87F7FAD44
|
| 035 |
|
|
|a urn:nbn:sk:snk-am00gml0
|
| 040 |
|
|
|a SNK
|b slo
|c SNK
|e AACR2
|
| 041 |
0 |
|
|a eng
|a ger
|
| 044 |
|
|
|a xo
|c SK
|
| 072 |
|
7 |
|a 621
|x Strojárstvo
|2 konspekt
|
| 080 |
|
|
|a 681.523(082)=20=30
|2 1981
|
| 080 |
|
|
|a 532(082)=20=30
|2 1981
|
| 080 |
|
|
|a 621.22
|2 2011
|
| 080 |
|
|
|a (062.534)
|2 2011
|
| 080 |
|
|
|a 62-82
|2 2011
|
| 080 |
|
|
|a 532
|2 2011
|
| 111 |
2 |
|
|a Bratislavian fluid Power Symposium
|n (1 :
|d 1998 :
|c Častá-Píla, Slovensko)
|4 aut
|9 633489
|
| 245 |
1 |
0 |
|a Proceedings of 1st Bratislavian fluid power symposium
|b June 2-3,1998, Častá-Píla, Slovakia
|
| 260 |
|
|
|a Bratislava
|b Slovak University of Technology
|c [1998]
|
| 300 |
|
|
|a 192 strán
|b fotografie, grafy, schémy, tabuľky
|c 25 cm
|
| 504 |
|
|
|a Obsahuje bibliografické odkazy
|
| 546 |
|
|
|a Čiastočný text v nemčine
|
| 650 |
0 |
7 |
|a hydraulika
|2 SNKPH
|9 20899
|
| 650 |
0 |
7 |
|a mechanika tekutín
|2 SNKPH
|9 3673
|
| 650 |
0 |
7 |
|a hydraulické pohony
|2 SNKPH
|9 85729
|
| 655 |
|
7 |
|a zborníky konferencií
|2 SNKPH
|9 70153
|
| 919 |
|
|
|a 80-227-1070-9
|
| 958 |
|
|
|a ART
|
| 958 |
|
|
|a TL
|
| 958 |
|
|
|a NB
|
| 958 |
|
|
|a OND
|
| 999 |
|
|
|c 976639
|d 978569
|
| 952 |
|
|
|t P60, <03>, [BOOK], {603}
|a SNK
|b SNK
|y PREZ
|7 0
|p 17A0144263
|o snkSC 96179
|i snkKSP 6710/98
|0 0
|1 0
|4 0
|d 1998-06-29
|l 0
|r 2025-09-16 00:00:00
|w 2026-02-24
|
| 952 |
|
|
|t P60, <04>, [BOOK], {604}
|a SNK
|b SNK
|y VYP
|7 0
|p 17A0144262
|o snkSC 96179 D1
|i snkKSP 6711/98
|0 0
|1 0
|4 0
|d 1998-06-29
|l 0
|r 2005-01-02 00:00:00
|w 2026-02-24
|